Diario del teniente coronel Eduardo Rosell y Malpica (Record no. 132749)

MARC details
000 -LEADER
campo de control de longitud fija 00666nam a2200193 4500
001 - NÚMERO DE CONTROL
campo de control 132749
003 - IDENTIFICADOR DE NÚMERO DE CONTROL
campo de control ES-MaACL
005 - FECHA Y HORA DE LA ÚLTIMA TRANSACCIÓN
campo de control 20230906194236.0
007 - CAMPO FIJO DE DESCRIPCIÓN FÍSICA--INFORMACIÓN GENERAL
campo de control de longitud fija t|
008 - DATOS DE LONGITUD FIJA--INFORMACIÓN GENERAL
campo de control de longitud fija 070214m19491950cu r ||||1| spa d
100 1# - ENTRADA PRINCIPAL--NOMBRE DE PERSONA
Nombre de persona Rosell y Malpica, Eduardo.
9 (RLIN) 99690
245 10 - MENCIÓN DEL TÍTULO
Título Diario del teniente coronel Eduardo Rosell y Malpica
Resto del título : (1895-1897).
260 ## - PUBLICACIÓN, DISTRIBUCIÓN, ETC.
Lugar de publicación, distribución, etc. La Habana :
Nombre del editor, distribuidor, etc. [s.n.],
Fecha de publicación, distribución, etc. 1949-50 (
Fabricante Imp. del Siglo XX)
300 ## - DESCRIPCIÓN FÍSICA
Extensión 2 v. ;
Dimensiones 25 cm.
500 ## - NOTA GENERAL
Nota general Precede al Tit : Academia de la Historia de Cuba.
505 8# - NOTA DE CONTENIDO CON FORMATO
Nota de contenido con formato Contiene: Vol. I. En camino. Vol. II. En la guerra
710 2# - ENTRADA AGREGADA--NOMBRE DE ENTIDAD CORPORATIVA
Nombre de entidad corporativa o nombre de jurisdicción como elemento de entrada Academia de la Historia de Cuba.
9 (RLIN) 1183
852 ## - LOCALIZACIÓN
Ubicación ES-MaACL
Número de control de estantería D-7170-71
Sublocalización o colección R.27340
Holdings
Estatus retirado Estado de pérdida Estado de daño No para préstamo Biblioteca de origen Biblioteca actual Ubicación en estantería Fecha de adquisición Fuente de adquisición Total de préstamos Signatura topográfica completa Código de barras Visto por última vez Precio de reemplazo Tipo de ítem Koha
        Biblioteca del Ateneo de Madrid Biblioteca del Ateneo de Madrid Sala Valle Inclán 17/01/2008     D-7170-71 901138203 23/02/2023 23/02/2023 Libro impreso